| 000 | 00865cab a2200265 4500 | ||
|---|---|---|---|
| 001 | WB3114-75 | ||
| 008 | 090401t1995 xxu||||| |||| 00| 0 eng d | ||
| 035 | _a(Sirsi) u46518 | ||
| 041 | _aeng | ||
| 245 | _aReview of transport policy | ||
| 260 | _c1995 | ||
| 350 | _a0 | ||
| 490 |
_aGlasgow Herald _v31 March 1995, 5(1) |
||
| 520 | _aScottish Chambers of Commerce urge Government to review transport policy, arguing that an integrated policy is needed to assist Scotland`s economic recovery. | ||
| 650 | _aCHAMBERS OF COMMERCE | ||
| 650 |
_aInfrastructure _96246 |
||
| 650 | _aINTEGRATED TRANSPORT POLICY | ||
| 650 | _aRAILWAYS | ||
| 650 | _aPROPERTY-INFRASTRUCTURE-TRANSPORT INFRASTRUCTURE-ROAD INFRASTRUCTURE | ||
| 650 | _aSCOTLAND | ||
| 650 | _aTRANSPORT POLICY | ||
| 690 | _aTRANSPORT AND COMMUNICATIONS | ||
| 942 | _n0 | ||
| 948 | _c04/03/1997 | ||
| 999 |
_c29435 _d29435 |
||